Statistics for Five Languages with the Most Total Speakers by Continent

Click here to take the quiz!

General Stats

  • This quiz has been taken 12,599 times
    (11,191 since last reset)
  • The average score is 23 of 30

Answer Stats

ContinentCountry% Correct
AfricaEnglish
100%
AsiaEnglish
100%
South AmericaEnglish
100%
OceaniaEnglish
100%
EuropeEnglish
100%
North AmericaEnglish
100%
EuropeFrench
99%
AfricaFrench
99%
North AmericaFrench
99%
South AmericaSpanish
99%
North AmericaSpanish
99%
South AmericaPortuguese
97%
EuropeGerman
96%
North AmericaMandarin
95%
AsiaMandarin
95%
EuropeRussian
95%
AsiaArabic
92%
AfricaArabic
92%
EuropeItalian
91%
OceaniaFiji Hindi
90%
AsiaHindi
89%
AfricaSwahili
64%
OceaniaMāori
51%
AsiaBengali
50%
North AmericaTagalog
41%
South AmericaQuechua
40%
South AmericaGuarani
21%
OceaniaFijian
20%
AfricaHausa
17%
OceaniaTok Pisin
14%

Score Distribution

Percentile by Number Answered

Percent of People with Each Score

Your Score History

You have not taken this quiz since the last reset